| 000 | 00480nam a22001817a 4500 | ||
|---|---|---|---|
| 003 | LK-CoMWRAF | ||
| 005 | 20231117210838.0 | ||
| 008 | 231117b |||||||| |||| 00| 0 eng d | ||
| 040 |
_aLK-CoMWRAF _dLK-CoMWRAF _eLK-CoMWRAF |
||
| 041 | _aeng | ||
| 082 |
_a928.917 _bGOR |
||
| 100 | _aGorky, Maksim | ||
| 245 | _aMy universities | ||
| 260 |
_aMoscow : _bForeign languages publication house, _c1952 |
||
| 300 | _a301 p. illus. 17 cm. | ||
| 650 | _aSoviet literature | ||
| 942 | _cBK | ||
| 999 |
_c4116 _d4116 |
||